Value investing with the masters : (Record no. 2236)
[ view plain ]
| 000 -LEADER | |
|---|---|
| fixed length control field | 02023nam a2200241 a 4500 |
| 005 - DATE AND TIME OF LATEST TRANSACTION | |
| control field | 20260112063248.0 |
| 020 ## - INTERNATIONAL STANDARD BOOK NUMBER | |
| International Standard Book Number | 9788176493826 |
| 039 ## - LEVEL OF BIBLIOGRAPHIC CONTROL AND CODING DETAIL [OBSOLETE] | |
| Level of rules in bibliographic description | 202505211237 |
| Level of effort used to assign nonsubject heading access points | staff |
| Level of effort used to assign subject headings | 202111031239 |
| Level of effort used to assign classification | staff |
| Level of effort used to assign subject headings | 201212270145 |
| Level of effort used to assign classification | staff |
| Level of effort used to assign subject headings | 201207030133 |
| Level of effort used to assign classification | staff |
| -- | 201003050529 |
| -- | staff |
| 050 ## - LIBRARY OF CONGRESS CALL NUMBER | |
| Classification number | 332.6322 |
| Item number | KAZ |
| 082 ## - DEWEY DECIMAL CLASSIFICATION NUMBER | |
| Classification number | 332.6322 |
| Item number | KAZ [ Shelf 5 ] |
| 100 ## - MAIN ENTRY--PERSONAL NAME | |
| Personal name | Kazanjian, Kirk. |
| 245 ## - TITLE STATEMENT | |
| Title | Value investing with the masters : |
| Remainder of title | revealing interviews with 20 market-beating managers who have stood the test of time / |
| Statement of responsibility, etc. | Kirk Kazanjian. |
| 260 ## - PUBLICATION, DISTRIBUTION, ETC. | |
| Place of publication, distribution, etc. | New York : |
| Name of publisher, distributor, etc. | New York Institute of Finance, |
| Date of publication, distribution, etc. | c2002. |
| 300 ## - PHYSICAL DESCRIPTION | |
| Extent | xii, 322 p. ; |
| Dimensions | 24 cm. |
| 500 ## - GENERAL NOTE | |
| General note | Includes index. |
| 505 ## - FORMATTED CONTENTS NOTE | |
| Formatted contents note | Machine generated contents note: Introduction ix --PART ONE: THE MASTERS OF VALUE INVESTING --CHRISTOPHER BROWNE -- Tweedy, Browne Company 3 --DAVID DREMAN -- Dreman Value Management 13 --JEAN-MARIE EVEILLARD -- First Eagle SoGen Funds 27 --WILLIAM FRIES -- Thornburg Investment Management 41 --JAMES GILLIGAN -- Van Kampen Investments 55 --JAMES GIPSON -- Pacific Financial Research 71 --JOHN GOODE -- Smith Barney Asset Management 85 --WILLIAM MILLER -- Legg Mason 101 --RONALD MUHLENKAMP -- Muhlenkamp & Company 119 --WILLIAM NYGREN -- The Oakmark Funds 133 --KEVIN O'BOYLE -- Aster Investment Management 147 --ROBERT OLSTEIN -- Olstein Financial Alert Fund 163 --ROBERT PERKINS -- Perkins, Wolf, McDonnell & Co. 177 --CHARLES ROYCE -- Royce & Associates 193 --KENT SIMONS -- Neuberger Berman 209 --BRET STANLEY -- AIM Management Company 219 --RICHARD WEISS -- Strong Capital Management 235 --WALLACE WEITZ -- Weitz Funds 249 --MARTIN WHITMAN -- Third Avenue Funds 263 --DAVID WILLIAMS -- US. Trust 279 PART TWO: INVESTING LIKE THE MASTERS --WHAT THE MASTERS HAVE IN COMMON 295 --THE 10 KEYS TO SUCCESSFUL VALUE -- INVESTING 297. |
| 650 ## - SUBJECT ADDED ENTRY--TOPICAL TERM | |
| Topical term or geographic name entry element | Investment analysis. |
| 650 ## - SUBJECT ADDED ENTRY--TOPICAL TERM | |
| Topical term or geographic name entry element | Stocks. |
| 650 ## - SUBJECT ADDED ENTRY--TOPICAL TERM | |
| Topical term or geographic name entry element | Value investing. |
| 991 ## - | |
| -- | VIRTUA40 |
| 991 ## - | |
| -- | VTLSSORT0080*0200*0500*0820*1000*2450*2600*3000*5000*5050*6500*6501*6502*9992 |
| 909 ## - | |
| -- | 2333 |
| Withdrawn status | Lost status | Damaged status | Not for loan | Home library | Current library | Date acquired | Total checkouts | Full call number | Barcode | Copy number | Koha item type |
|---|---|---|---|---|---|---|---|---|---|---|---|
| Indian Institute Of Management, Shillong | Indian Institute Of Management, Shillong | 16/03/2010 | 332.6322 KAZ [ Shelf 5 ] | 0007978 | Reference | ||||||
| Indian Institute Of Management, Shillong | Indian Institute Of Management, Shillong | 16/03/2010 | 332.6322 KAZ [ Shelf 5 ] | 0007979 | 1 | Book |